000 00688nam a2200253Ia 4500
001 Para_3394
003 CHAP
008 220125s9999 xx 000 0 und d
010 _a201942
040 _cCHAP
082 _aPA-C 632.9 C6
245 _aGallina ciega (Lachnosterna o Phyllophaga)
260 _a[s.l.] :
_b [s.n.]
300 _ap. 16-19
500 _aEncuadernado con: Nueva plaga del nopal/ Ricardo Coronado P.
650 _aAgricultura
_x Plagas Phyllophaga crinita
_9166915
901 _aPA-C 632.9 C6
902 _aA
905 _a000000 [SL 0000000000 00
910 _a
942 _cPARA
942 _cPARA
_d1
999 _c201942
_d201942